|
|
|
|
| LEADER |
00619nab a2200169 i 4500 |
| 001 |
misc25735 |
| 005 |
20191111110617.0 |
| 008 |
170721s1900 hu o 0|| zxx d |
| 040 |
|
|
|a SZTE Miscellanea Repozitórium
|b hun
|
| 041 |
|
|
|a zxx
|
| 100 |
1 |
|
|a Hugo Victor
|
| 245 |
1 |
0 |
|a Traductions
|h [elektronikus dokumentum] :
|b [Achéménide ; Le vieillard du Galèse ; L'antre des cyclopes ; Cacus ; César passe le Rubicon ; A Lydie] /
|c Hugo Victor
|
| 260 |
|
|
|c 1900
|
| 300 |
|
|
|a 81-85
|
| 490 |
0 |
|
|a Kolligátum
|
| 695 |
|
|
|a Műfordítás - francia
|
| 856 |
4 |
0 |
|u http://misc.bibl.u-szeged.hu/25735/1/018_001_081-085.pdf
|z Dokumentum-elérés
|